| 000 | 00482nam a2200181Ia 4500 | ||
|---|---|---|---|
| 008 | 240925s9999 xx 000 0 und d | ||
| 020 | _a9789350140284 | ||
| 082 | _a621.313 GUP | ||
| 100 | _aGupta, J. B. | ||
| 245 | 0 | _aElectrical Machines and Automatic Control | |
| 250 | _a1st | ||
| 260 |
_aNew Delhi: _bS. K. Kataria _c,2010. |
||
| 300 |
_axiii,669p. _bN.A _fPhotocopy |
||
| 500 | _aIncludes Index | ||
| 600 | _aElectrical Engineering | ||
| 650 | _aTechnology | ||
| 942 | _cBK | ||
| 999 |
_c11203 _d11203 |
||